000 00474nam a2200181Ia 4500
005 20250326124629.0
008 250326s9999 xx 000 0 und d
037 _aTextbook
040 _aFMSL
_beng
_cFMSL
041 _aeng
_2eng
084 _aX:8.44 L4
_qFMSL
100 _aRoy S K
_9296516
245 0 _aManagement in India
_cRoy S K
260 _aDelhi
_bDelhi, Meenakshi
_c1974
300 _a186p
942 _cTB
_hX:8.44 L4
999 _c1274481
_d1274481